00729nam a2200241 a 4500001001300000003000900013005001700022008004100039020001000080082001300090100002000103245008100123260004400204300000900248500003500257505001000292650002400302700002000326902000800346942000700354952011300361999001300474nice12345678IN_TiNIC20260116011349.0050524s1969 luca grp 000 0 eng  ac10000a201bPAU aPaul, Rajaiah D aLights in the Worldb Life Sketches of Maulvi Safdar Ali and the R Janni Ali aLucknowbLucknow Publishing Housec1969 a125p aincludes index and biblioraphy2 aIndex aChristian-Biography1 aPaul, Rajaiah D bSRS cBK 001040708StackRoom-aHMIbHMId2007-06-12g100.00l0o201 PAUp03789r2007-06-12v100.00w2005-05-24yBK c882d882